Экспериментальные методы исследования концептов "жизнь" и "смерть"; Известия Томского политехнического университета [Известия ТПУ]; Т. 316, № 6: Экономика. Философия, социология и культурология

Sonraí bibleagrafaíochta
Parent link:Известия Томского политехнического университета [Известия ТПУ]/ Томский политехнический университет (ТПУ).— , 2000-
Т. 316, № 6: Экономика. Философия, социология и культурология.— 2010.— [С. 228-232]
Príomhchruthaitheoir: Байдак А. В. Александра Владимировна
Achoimre:Заглавие с титульного листа
Электронная версия печатной публикации
Описаны результаты свободного ассоциативного эксперимента, проведенного с представителями селькупского этноса в местах их компактного проживания. Предположено, что некоторые традиционные представления селькупов о жизни и смерти находят свое отражение в групповом и индивидуальном сознании современных селькупов. Выявлены наиболее устойчивые и частотные ассоциации, связанные с концептами "жизнь" и "смерть".
Teanga:Rúisis
Foilsithe / Cruthaithe: 2010
Sraith:Философия, социология и культурология
Ábhair:
Rochtain ar líne:http://www.lib.tpu.ru/fulltext/v/Bulletin_TPU/2010/v316/i6/50.pdf
Formáid: Leictreonach Caibidil leabhair
KOHA link:https://koha.lib.tpu.ru/cgi-bin/koha/opac-detail.pl?biblionumber=187802

MARC

LEADER 00000nla2a2200000 4500
001 187802
005 20231031174119.0
035 |a (RuTPU)RU\TPU\book\203782 
035 |a RU\TPU\book\203781 
090 |a 187802 
100 |a 20101120d2010 k y0rusy50 ca 
101 0 |a rus 
102 |a RU 
135 |a drnn ---uucaa 
181 0 |a i  
182 0 |a b 
200 1 |a Экспериментальные методы исследования концептов "жизнь" и "смерть"  |b Электронный ресурс  |f А. В. Байдак 
203 |a Текст  |c электронный 
215 |a 1 файл (84 Кб) 
225 1 |a Философия, социология и культурология 
230 |a Электронные текстовые данные (1 файл : 84 Кб) 
300 |a Заглавие с титульного листа 
300 |a Электронная версия печатной публикации 
320 |a [Библиогр.: с. 232 (17 назв.)] 
330 |a Описаны результаты свободного ассоциативного эксперимента, проведенного с представителями селькупского этноса в местах их компактного проживания. Предположено, что некоторые традиционные представления селькупов о жизни и смерти находят свое отражение в групповом и индивидуальном сознании современных селькупов. Выявлены наиболее устойчивые и частотные ассоциации, связанные с концептами "жизнь" и "смерть". 
337 |a Adobe Reader 
461 1 |0 (RuTPU)RU\TPU\book\176237  |t Известия Томского политехнического университета [Известия ТПУ]  |f Томский политехнический университет (ТПУ)  |d 2000- 
463 1 |0 (RuTPU)RU\TPU\book\203561  |x 1684-8519  |t Т. 316, № 6: Экономика. Философия, социология и культурология  |v [С. 228-232]  |d 2010  |p 243 с. 
610 1 |a ассоциативные эксперименты 
610 1 |a селькупы 
610 1 |a селькупский язык 
610 1 |a культура 
610 1 |a концепты 
610 1 |a жизнь 
610 1 |a смерть 
610 1 |a труды учёных ТПУ 
610 1 |a электронный ресурс 
700 1 |a Байдак  |b А. В.  |c российский лингвист  |c доцент Томского политехнического университета, кандидат филологических наук  |f 1974-  |g Александра Владимировна  |2 stltpush  |3 (RuTPU)RU\TPU\pers\27129 
801 1 |a RU  |b 63413507  |c 20090623  |g PSBO 
801 2 |a RU  |b 63413507  |c 20211222  |g PSBO 
856 4 |u http://www.lib.tpu.ru/fulltext/v/Bulletin_TPU/2010/v316/i6/50.pdf 
942 |c CF